00242nam a2200097Ia 4500008004100000100001400041245003100055260003200086300000800118650001800126191201s2018 xx 000 0 und d aPanda,U.N 0aEssentials of Pharmacology bAITBS Pub.aNew Delhic2018 a489 aPharmacology